Escultura / (Registro nro. 3420)

Detalles MARC
000 -LEADER
fixed length control field 00941nam a2200241Ia 4500
003 - CONTROL NUMBER IDENTIFIER
control field OSt
005 - DATE AND TIME OF LATEST TRANSACTION
control field 20210212162144.0
008 - FIXED-LENGTH DATA ELEMENTS--GENERAL INFORMATION
fixed length control field 191128s2006 ck a gr 000 0 spa d
020 ## - INTERNATIONAL STANDARD BOOK NUMBER
International Standard Book Number 9789583022029
040 ## - CATALOGING SOURCE
Original cataloging agency CO-JMCR
Transcribing agency CO-JMCR
041 0# - LANGUAGE CODE
Language code of text/sound track or separate title spa
082 04 - DEWEY DECIMAL CLASSIFICATION NUMBER
Classification number 730.9 /
Item number S621e
Edition number 23
100 1# - MAIN ENTRY--PERSONAL NAME
Personal name Sirrocco,
Relator term autor
9 (RLIN) 13411
245 10 - TITLE STATEMENT
Title Escultura /
Statement of responsibility, etc. Sirroco ; traducción de Héctor Daniel Suaréz Relaiza
260 ## - PUBLICATION, DISTRIBUTION, ETC.
Place of publication, distribution, etc. Bogotá :
Name of publisher, distributor, etc. Panamericana,
Date of publication, distribution, etc. 2006
300 ## - PHYSICAL DESCRIPTION
Extent 255 páginas :
Other physical details ilustraciones en su mayoría a color ;
Dimensions 17 cm.
505 0# - FORMATTED CONTENTS NOTE
Formatted contents note Barthé, Richmond -- Bernini -- Brancusi, Constantin -- Burgos -- Canova, Antonio -- Carpeaux , Jean-Baptiste -- Cellini, Benvenuto -- César -- Coysevox , Antoine -- Degas, Edgar -- Della Robbia, Luca.
650 14 - SUBJECT ADDED ENTRY--TOPICAL TERM
Topical term or geographic name entry element Arte
9 (RLIN) 13412
650 14 - SUBJECT ADDED ENTRY--TOPICAL TERM
Topical term or geographic name entry element Esculturas
9 (RLIN) 13413
650 14 - SUBJECT ADDED ENTRY--TOPICAL TERM
Topical term or geographic name entry element Escultura antigua
9 (RLIN) 13414
700 1# - ADDED ENTRY--PERSONAL NAME
Personal name Suaréz Relaiza, Héctor Daniel,
Relator term traductor
9 (RLIN) 13415
942 ## - ADDED ENTRY ELEMENTS (KOHA)
Source of classification or shelving scheme Dewey Decimal Classification
Koha item type Books
Existencias
Withdrawn status Lost status Source of classification or shelving scheme Damaged status Not for loan Collection code Home library Current library Date acquired Source of acquisition Total Checkouts Full call number Barcode Date last seen Date last checked out Copy number Koha item type
    Dewey Decimal Classification     Non-fiction Biblioteca Pública José María del Castillo y Rada Biblioteca Pública José María del Castillo y Rada 07/18/2018 Donación 1 730.9 / S621e 201807269 05/23/2024 05/23/2024 Ej.1 Books